Zufällige Stadt zu Land - Statistiken

Allgemein
  • Dieses Quiz wurde 223 mal gespielt
  • Das Durchschnittsergebnis liegt bei 15 aus 20
Antwortstatistiken
Stadt Land % Korrekt
Salzburg Osterreich
98%
Genf Schweiz
98%
Lyon Frankreich
97%
Turin Italien
97%
Krakau Polen
93%
Osaka Japan
92%
Wolgograd Russland
91%
Perth Australien
89%
Guadalajara Mexiko
86%
Hanoi Vietnam
86%
Bogota Kolumbien
85%
Montevideo Uruguay
82%
Belfast Vereinigtes Königreich
82%
Addis Abeba Athiopien
74%
Amman Jordanien
68%
Taschkent Usbekistan
67%
Sucre Bolivien
63%
Lusaka Sambia
46%
Freie Stadt Sierra Leone
27%
Mixco Guatemala
23%
Keine übereinstimmenden Quizze gefunden
Verteilung der Resultate
Anzahl Personen mit jedem Resultat
Perzentil nach korrekt beantworteten Fragen
Ihre Resultats-Entwicklung
Sie haben dieses Quiz noch nicht gespielt